| 000 | 00872cam a22002773a 4500 | ||
|---|---|---|---|
| 001 | 26282 | ||
| 003 | PGUSA | ||
| 005 | 20140828083551.0 | ||
| 008 | 080812s2008||||xxu|||||s|||||000 1 eng d | ||
| 040 |
_aPGUSA _beng |
||
| 042 | _adc | ||
| 050 | 4 | _aPS | |
| 100 | 1 |
_aMusick, John R. _q(John Roy), _d1849-1901 |
|
| 245 | 1 | 4 |
_aThe Witch of Salem; or, Credulity Run Mad _h[electronic resource] / _cJohn R. Musick |
| 260 |
_bProject Gutenberg, _c2008 |
||
| 506 | _aPublic domain in the USA. | ||
| 516 | _aElectronic text | ||
| 653 | _aTrials (Witchcraft) -- Fiction | ||
| 653 | _aWitches -- Fiction | ||
| 653 | _aHistorical fiction | ||
| 653 | _aSalem (Mass.) -- History -- Colonial period, ca. 1600-1775 -- Fiction | ||
| 700 | 1 |
_aCarter, F. A. _q(Freeland A.) |
|
| 830 | 0 |
_aProject Gutenberg _v26282 |
|
| 856 | 4 | 0 | _uhttp://www.gutenberg.org/ebooks/26282 |
| 942 | _cEB | ||
| 999 |
_c255537 _d255537 |
||